Teaching human rights: a handbook for teachers (Record no. 490454)

000 -LEADER
fixed length control field 00400cam a22001217a 4500
008 - FIXED-LENGTH DATA ELEMENTS--GENERAL INFORMATION
fixed length control field 180718b1963 xxu||||| |||| 00| 0 eng d
082 ## - DEWEY DECIMAL CLASSIFICATION NUMBER
Classification number C41 Un3t
245 ## - TITLE STATEMENT
Title Teaching human rights: a handbook for teachers
Statement of responsibility, etc. by Office of Public Information, United Nations
250 ## - EDITION STATEMENT
Edition statement 2nd ed.
260 ## - PUBLICATION, DISTRIBUTION, ETC.
Place of publication, distribution, etc. New York
Name of publisher, distributor, etc. United Nations
Date of publication, distribution, etc. 1963
300 ## - PHYSICAL DESCRIPTION
Extent 79+p.
700 ## - ADDED ENTRY--PERSONAL NAME
Personal name United Nations. Office of Public Information
Holdings
Withdrawn status Lost status Damaged status Not for loan Permanent Location Current Location Date acquired Full call number Barcode Date last seen Price effective from Koha item type
        Indian Institute of Public Administration Indian Institute of Public Administration 2018-08-04 C41 Un3t G4579 2018-08-04 2018-08-04 G

Powered by Koha